2012 Spillover Report : Background Papers.

This note conducts a business cycle accounting analysis for systemic economies, with an emphasis on spillover effects from macroeconomic versus financial shocks. The systemic economies under consideration are China, the Euro Area, Japan, the United Kingdom, and the United States. This analysis is ba...

Disgrifiad llawn

Manylion Llyfryddiaeth
Awdur Corfforaethol: International Monetary Fund
Fformat: Cylchgrawn
Iaith:English
Cyhoeddwyd: Washington, D.C. : International Monetary Fund, 2012.
Cyfres:Policy Papers; Policy Paper ; No. 2012/086
Mynediad Ar-lein:Full text available on IMF
LEADER 01739cas a2200241 a 4500
001 AALejournalIMF020356
008 230101c9999 xx r poo 0 0eng d
020 |c 5.00 USD 
020 |z 9781498340243 
022 |a 2663-3493 
040 |a BD-DhAAL  |c BD-DhAAL 
110 2 |a International Monetary Fund. 
245 1 0 |a 2012 Spillover Report :   |b Background Papers. 
264 1 |a Washington, D.C. :  |b International Monetary Fund,  |c 2012. 
300 |a 1 online resource (146 pages) 
490 1 |a Policy Papers 
500 |a <strong>Off-Campus Access:</strong> No User ID or Password Required 
500 |a <strong>On-Campus Access:</strong> No User ID or Password Required 
506 |a Electronic access restricted to authorized BRAC University faculty, staff and students 
520 3 |a This note conducts a business cycle accounting analysis for systemic economies, with an emphasis on spillover effects from macroeconomic versus financial shocks. The systemic economies under consideration are China, the Euro Area, Japan, the United Kingdom, and the United States. This analysis is based on historical decompositions of output growth derived from the estimated structural macroeconometric model of the world economy, disaggregated into thirty five national economies, documented in Vitek (2012). Within this framework, each economy is represented by interconnected real, external, monetary, fiscal, and financial sectors. Spillovers are transmitted across economies via trade, financial, and commodity price linkages. 
538 |a Mode of access: Internet 
830 0 |a Policy Papers; Policy Paper ;  |v No. 2012/086 
856 4 0 |z Full text available on IMF  |u http://elibrary.imf.org/view/journals/007/2012/086/007.2012.issue-086-en.xml  |z IMF e-Library